[Event "European Blitz 2017"]
[Site "Katowice POL"]
[Date "2017.12.15"]
[Round "10.79"]
[White "Batsiashvili, Nino"]
[Black "Krasenkova, Ilena"]
[Result "1/2-1/2"]
[WhiteTitle "IM"]
[BlackTitle "WIM"]
[WhiteElo "2502"]
[BlackElo "2123"]
[WhiteFideId "13602993"]
[BlackFideId "4119037"]
[EventDate "2017.12.15"]
[EventType "blitz"]

1. d4 Nf6 2. Nf3 g6 3. g3 Bg7 4. Bg2 c6 5. O-O d6 6. c4 O-O 7. b3 a5 8. Bb2 Na6
9. Nc3 Rb8 10. e4 b5 11. e5 Ne8 12. Qe2 b4 13. Ne4 d5 14. cxd5 cxd5 15. Nc5 Nxc5
16. dxc5 e6 17. Nd4 Qc7 18. Rac1 Ra8 19. Rfe1 Ba6 20. Qe3 Qd8 21. f4 Nc7 22. h4
Bh6 23. Bf3 Rc8 24. h5 Nb5 25. Kg2 Nxd4 26. Bxd4 Bb5 27. Rh1 Bg7 28. g4 a4 29.
hxg6 fxg6 30. g5 axb3 31. axb3 Ra8 32. Rc2 Ra3 33. Kg3 Bc4 34. Rb2 Qe7 35. Bd1
Rfa8 36. Rbh2 Bxb3 37. Bxb3 Qf7 38. Rxh7 Qf5 39. R7h2 Rf8 40. Rf2 Rfa8 41. Rb1
R8a7 42. Rbb2 Ra8 43. c6 Rc8 44. Rfc2 Bf8 45. c7 Qf7 46. Bb6 Ra6 47. Rc6 Qd7 48.
Rbc2 Ra3 49. Kg2 Qf7 50. Qd4 Rxb3 51. Bc5 Qf5 52. Bxf8 Qh3+ 53. Kf2 Qf3+ 54. Ke1
Rb1+ 55. Rc1 Qh1+ 56. Kd2 Qg2+ 57. Ke1 Qh1+ 58. Kd2 Qg2+ 59. Ke1 Qh1+ 60. Kd2
Qg2+ 61. Ke1 Qh1+ 62. Kd2 Qg2+ 63. Ke1 Qh1+ 64. Kd2 Qg2+ 65. Ke1 Qh1+ 66. Kd2 1/2-1/2

[Event "European Blitz 2017"]
[Site "Katowice POL"]
[Date "2017.12.15"]
[Round "10.80"]
[White "Chernyak, Viktoria"]
[Black "Krzywda, Andrzej"]
[Result "0-1"]
[WhiteTitle "WFM"]
[WhiteElo "2196"]
[BlackElo "2171"]
[WhiteFideId "24165956"]
[BlackFideId "1114565"]
[EventDate "2017.12.15"]
[EventType "blitz"]

1. Nf3 Nf6 2. c4 e6 3. g3 d5 4. Bg2 dxc4 5. a4 Nc6 6. Qc2 Na5 7. Na3 Bxa3 8.
Rxa3 O-O 9. O-O Qd5 10. Re1 Rd8 11. e4 Qh5 12. e5 Nd5 13. Qe4 Bd7 14. d4 Bc6 15.
Qb1 Qg6 16. Bd2 Nb3 17. a5 b5 18. Qxg6 hxg6 19. Be3 b4 20. Ra2 Rab8 21. Bf1 Nxe3
22. Rxe3 Bxf3 23. Rxf3 Nd2 24. Rf4 c3 25. bxc3 bxc3 26. Bd3 Rb2 27. Ra3 c2 28.
Bxc2 Rxc2 29. Kg2 Nc4 30. Ra4 Ne3+ 31. Kf3 Nd5 32. Re4 Nc3 0-1

[Event "European Blitz 2017"]
[Site "Katowice POL"]
[Date "2017.12.15"]
[Round "10.81"]
[White "Adamczewski, Maciej"]
[Black "Kahleys, Kevin"]
[Result "0-1"]
[WhiteElo "1999"]
[BlackElo "2195"]
[WhiteFideId "1148702"]
[BlackFideId "24669601"]
[EventDate "2017.12.15"]
[EventType "blitz"]

1. d4 d5 2. c4 c6 3. Nf3 Nf6 4. Nc3 g6 5. g3 Bg7 6. Bg2 O-O 7. O-O Bf5 8. Ne5
Be6 9. cxd5 Nxd5 10. Ne4 h6 11. Nc5 Bc8 12. Qb3 Qb6 13. Nc4 Qxb3 14. Nxb3 Nd7
15. e4 N5b6 16. Nxb6 axb6 17. Be3 Rd8 18. Rfd1 Nf6 19. f3 Be6 20. Nc1 Bc4 21.
Bf1 Bxf1 22. Kxf1 e5 23. Nb3 exd4 24. Nxd4 Nd7 25. Rd2 Ne5 26. b3 c5 27. Nb5
Nxf3 28. Rxd8+ Rxd8 29. Rc1 Nxh2+ 30. Ke2 Ng4 31. Bf4 Be5 32. Bxe5 Nxe5 33. Nc3
Rd4 34. Ke3 Rd3+ 35. Ke2 Rxg3 36. Nd5 h5 37. Nxb6 Rg2+ 38. Ke3 Rxa2 39. Rxc5 Nc6
40. Nd5 Ra5 41. Rc2 Kg7 42. Rg2 Ra3 43. Rb2 Na5 44. Kd4 Rxb3 45. Ra2 Nc6+ 46.
Kc5 h4 47. Rh2 g5 48. Kd6 Rg3 49. Re2 h3 50. Ne3 Nd4 51. Re1 h2 52. Nf5+ Nxf5+
53. exf5 Rg1 0-1

[Event "European Blitz 2017"]
[Site "Katowice POL"]
[Date "2017.12.15"]
[Round "10.82"]
[White "Winiarski, Mikolaj"]
[Black "Kusiak, Matej"]
[Result "0-1"]
[WhiteTitle "FM"]
[WhiteElo "2249"]
[BlackElo "2280"]
[WhiteFideId "1159984"]
[BlackFideId "14911213"]
[EventDate "2017.12.15"]
[EventType "blitz"]

1. e4 c6 2. d4 d5 3. Nc3 dxe4 4. Nxe4 Bf5 5. Ng3 Bg6 6. N1e2 Nf6 7. Nf4 e6 8. h4
Nbd7 9. h5 Bf5 10. Nxf5 Qa5+ 11. c3 Qxf5 12. Bd3 Qa5 13. O-O Bd6 14. b4 Qc7 15.
Qf3 Nd5 16. Nxd5 cxd5 17. h6 g6 18. Bg5 Be7 19. Bxe7 Kxe7 20. Rac1 Rac8 21. c4
dxc4 22. Rxc4 Qd6 23. Qxb7 Rxc4 24. Bxc4 Rb8 25. Qxa7 Rxb4 26. Rc1 Qf4 27. Qa3
Qd6 28. g3 Rb8 29. Qa7 Qb6 30. Qxb6 Rxb6 31. d5 e5 32. Bb3 g5 33. Kg2 Rxh6 34.
Rc7 Ra6 35. Bc4 Ra5 36. a4 Kd8 37. Rb7 Rc5 38. Bb3 f5 39. d6 Rc6 40. a5 Rxd6 41.
Ba4 Nc5 42. Rb4 Nxa4 43. Rxa4 Ra6 44. g4 fxg4 45. Kg3 h5 46. Ra1 Ke7 47. Kg2 Ke6
48. Kg3 Kf5 49. Kg2 h4 50. Kh2 Kf4 51. Kg2 e4 52. Kh2 Kf3 53. Kg1 g3 54. Ra3+
Kf4 55. fxg3+ hxg3 56. Kg2 g4 57. Kf1 e3 58. Ke2 g2 59. Ra1 Rxa5 60. Rg1 Ra2+
61. Kd3 Rd2+ 0-1

[Event "European Blitz 2017"]
[Site "Katowice POL"]
[Date "2017.12.15"]
[Round "10.83"]
[White "Przybylski, Wojciech"]
[Black "Madrawski, Krzysztof"]
[Result "0-1"]
[WhiteTitle "FM"]
[WhiteElo "2320"]
[BlackElo "2052"]
[WhiteFideId "1117599"]
[BlackFideId "1163973"]
[EventDate "2017.12.15"]
[EventType "blitz"]

1. e4 e6 2. d4 d5 3. Nc3 Nf6 4. Bg5 Be7 5. Bxf6 Bxf6 6. Nf3 O-O 7. e5 Be7 8. Bd3
c5 9. dxc5 Nd7 10. Qe2 Nxc5 11. O-O-O a6 12. Kb1 b5 13. Qe3 b4 14. Ne2 a5 15.
Ned4 Qb6 16. h4 Ba6 17. Ng5 Bxd3 18. cxd3 Na4 19. Nb3 Qb5 20. Nf3 Nc5 21. Nfd4
Qb7 22. Rc1 Rfc8 23. Nd2 a4 24. h5 Qa6 25. Rh3 Nd7 26. Ne2 Rxc1+ 27. Nxc1 Rc8
28. Nf3 b3 29. axb3 a3 30. Nd2 Rxc1+ 31. Kxc1 a2 32. Kd1 a1=Q+ 33. Ke2 Qxb2 34.
Rg3 Nc5 35. Kf3 Qxd3 36. Nf1 Qxe3+ 37. Nxe3 Ne4 38. Kg4 Nxg3 39. Kxg3 Qxb3 40.
Kf4 d4 41. Nf1 g5+ 42. Ke4 d3 43. Nd2 Qc2 44. Nf3 d2+ 45. Ke3 d1=Q 46. Nd4 Qdd3# 0-1

[Event "European Blitz 2017"]
[Site "Katowice POL"]
[Date "2017.12.15"]
[Round "10.84"]
[White "Lewtak, Damian"]
[Black "Antolak, Julia"]
[Result "1-0"]
[BlackTitle "WFM"]
[WhiteElo "2358"]
[BlackElo "2168"]
[WhiteFideId "1141724"]
[BlackFideId "1159569"]
[EventDate "2017.12.15"]
[EventType "blitz"]

1. d4 Nf6 2. c4 g6 3. Nc3 d5 4. Nf3 Bg7 5. e3 O-O 6. Be2 e6 7. b4 dxc4 8. Bxc4
Nd5 9. Qb3 c6 10. O-O Nd7 11. e4 Nxc3 12. Qxc3 Nb6 13. Bb3 Nd7 14. a4 a6 15. a5
Nf6 16. Re1 Bd7 17. Bf4 Re8 18. h3 Qe7 19. Ne5 Rad8 20. Nc4 Bc8 21. Rad1 Bf8 22.
Bg5 h6 23. Bxf6 Qxf6 24. e5 Qe7 25. Nd6 Qd7 26. Nxe8 Rxe8 27. Bc2 Qe7 28. Rb1
Rd8 29. Be4 Qd7 30. Red1 Bg7 31. Qf3 Qe7 32. g3 h5 33. h4 Bh6 34. Kg2 Rd7 35.
Kh3 Qd8 36. Qc3 Bg7 37. f4 Qe7 38. Rg1 Qd8 39. Rbd1 Bh6 40. g4 hxg4+ 41. Rxg4
Kf8 42. Qe3 Bg7 43. Qg1 Ke7 44. Bxg6 fxg6 45. Rxg6 Kf8 46. h5 Qe7 47. h6 Bxh6
48. Rg8+ Kf7 49. Qg6# 1-0

[Event "European Blitz 2017"]
[Site "Katowice POL"]
[Date "2017.12.15"]
[Round "10.85"]
[White "Tate, Alan"]
[Black "Chrzaszcz, Malvina"]
[Result "0-1"]
[WhiteTitle "FM"]
[WhiteElo "2358"]
[BlackElo "2048"]
[WhiteFideId "2401878"]
[BlackFideId "1139118"]
[EventDate "2017.12.15"]
[EventType "blitz"]

1. e4 c5 2. Nf3 d6 3. Bb5+ Bd7 4. Bxd7+ Nxd7 5. O-O Ngf6 6. Re1 g6 7. c3 Bg7 8.
d4 cxd4 9. cxd4 h5 10. e5 dxe5 11. dxe5 Ng4 12. e6 Nde5 13. Qa4+ Kf8 14. Nxe5
Bxe5 15. h3 Nxf2 16. Kxf2 Qb6+ 17. Kf1 Bxb2 18. Bxb2 Qxb2 19. Qf4 f6 20. Nd2 g5
21. Qe3 Rd8 22. Nc4 Qb5 23. Rac1 Rc8 24. Qd3 Kg7 25. Re2 Rhd8 26. Qc2 Rd4 27.
Re4 Rcxc4 28. Qxc4 Rxc4 29. Rexc4 f5 30. Kg1 Kf6 31. Rc5 Qb6 32. Kh1 Kxe6 33.
R5c2 Kf6 34. Re2 e6 35. Rce1 Qc6 36. Rd2 b5 37. Red1 a5 38. Rd6 Qc4 39. Rd8 b4
40. R1d7 a4 41. Rb8 b3 42. axb3 axb3 43. Rdb7 Qc1+ 44. Kh2 g4 45. hxg4 hxg4 46.
Rxb3 e5 47. R3b6+ Kg5 48. g3 Qd2+ 49. Kh1 Qe1+ 50. Kh2 Qf2+ 51. Kh1 Qxg3 52. Rb4
Qf3+ 53. Kg1 g3 54. Rb2 e4 55. R8b3 e3 56. Rd3 Kg4 57. Rb8 Qf2+ 0-1

[Event "European Blitz 2017"]
[Site "Katowice POL"]
[Date "2017.12.15"]
[Round "10.86"]
[White "Zawadzka, Jolanta"]
[Black "Golenia, Wojciech"]
[Result "0-1"]
[WhiteTitle "WGM"]
[WhiteElo "2424"]
[BlackElo "1984"]
[WhiteFideId "1122320"]
[BlackFideId "1175300"]
[EventDate "2017.12.15"]
[EventType "blitz"]

1. e4 c5 2. Nf3 e6 3. d4 d5 4. e5 cxd4 5. Nxd4 Nc6 6. f4 Bc5 7. Nb3 Bb6 8. Nc3
Nge7 9. Bd3 O-O 10. Qe2 Nf5 11. Bxf5 exf5 12. Na4 f6 13. Nxb6 axb6 14. O-O Re8
15. Qb5 fxe5 16. fxe5 Rxe5 17. Bf4 Re4 18. Rad1 Be6 19. a3 Qf6 20. c3 d4 21.
cxd4 Bxb3 22. Qxb3+ Kh8 23. Qxb6 Nxd4 24. Qxb7 Rae8 25. Kh1 Ne2 26. Bc7 f4 27.
Qb6 Qh4 28. Rf3 Ng3+ 29. Kg1 Re1+ 30. Rxe1 Rxe1+ 0-1

[Event "European Blitz 2017"]
[Site "Katowice POL"]
[Date "2017.12.15"]
[Round "10.87"]
[White "Kot, Jerzy"]
[Black "Lewicki, Miroslaw"]
[Result "0-1"]
[WhiteTitle "FM"]
[BlackTitle "CM"]
[WhiteElo "2072"]
[BlackElo "2404"]
[WhiteFideId "1101595"]
[BlackFideId "1113380"]
[EventDate "2017.12.15"]
[EventType "blitz"]

1. g3 Nf6 2. Bg2 e6 3. e4 d5 4. e5 Nfd7 5. f4 c5 6. Ne2 Nc6 7. O-O g6 8. c3 c4
9. b3 Nb6 10. b4 a6 11. a4 Bg7 12. a5 Nd7 13. Na3 O-O 14. d4 cxd3 15. Qxd3 f6
16. exf6 Nxf6 17. Be3 e5 18. Bc5 e4 19. Qd2 Re8 20. Rad1 Be6 21. h3 Bf7 22. g4
Qc8 23. Nc2 Nd8 24. f5 Nc6 25. Nf4 g5 26. Ne6 Bxe6 27. fxe6 h6 28. Rxf6 Bxf6 29.
Qxd5 Qxe6 30. Ne3 Rad8 31. Qxe6+ Rxe6 32. Rxd8+ Nxd8 33. c4 Nc6 34. Nf5 Bc3 35.
b5 Nxa5 36. Ne7+ Kf7 37. Nd5 Nxc4 38. Nxc3 axb5 39. Nxb5 Re5 40. Nd6+ Nxd6 41.
Bxd6 Re6 42. Bg3 b5 43. Kf2 b4 44. Ke2 b3 45. Kd2 Rc6 46. Bxe4 b2 47. Be5 Re6
48. Bd5 b1=Q 0-1

[Event "European Blitz 2017"]
[Site "Katowice POL"]
[Date "2017.12.15"]
[Round "10.88"]
[White "Malyovanyi, Yulian"]
[Black "Ondrus, Martin"]
[Result "0-1"]
[WhiteElo "1923"]
[BlackElo "2261"]
[WhiteFideId "14171198"]
[BlackFideId "14913330"]
[EventDate "2017.12.15"]
[EventType "blitz"]

1. e4 c5 2. Nf3 e6 3. d4 cxd4 4. Nxd4 a6 5. Bd3 Nf6 6. O-O Qc7 7. Qe2 d6 8. b3
Nbd7 9. Bb2 g6 10. Nd2 Bg7 11. c4 O-O 12. Rac1 b6 13. Rfd1 Bb7 14. b4 Rac8 15.
N2b3 a5 16. Nb5 Qb8 17. bxa5 bxa5 18. Nxa5 Ba6 19. Ba3 Nc5 20. Bb1 Bxb5 21. cxb5
Qa8 22. Bxc5 dxc5 23. Nc6 Rc7 24. Rxc5 Nd7 25. Ne7+ Kh8 0-1

[Event "European Blitz 2017"]
[Site "Katowice POL"]
[Date "2017.12.15"]
[Round "10.89"]
[White "Brazdzionis, Andrius"]
[Black "Zarovs, Aleksandrs"]
[Result "1-0"]
[WhiteElo "2293"]
[BlackElo "1831"]
[WhiteFideId "12804479"]
[BlackFideId "11604425"]
[EventDate "2017.12.15"]
[EventType "blitz"]

1. d4 Nf6 2. Nf3 e6 3. c4 b6 4. a3 Bb7 5. Nc3 d5 6. Qc2 Be7 7. cxd5 Nxd5 8. e4
Nxc3 9. bxc3 O-O 10. Bd3 c5 11. O-O Nc6 12. Bb2 h6 13. Rfd1 Rc8 14. d5 exd5 15.
exd5 Nb8 16. c4 Qd6 17. Be5 Qd8 18. Bh7+ Kh8 19. Bf5 Nd7 20. Bc3 Rb8 21. Bxd7
Qxd7 22. Ne5 Qd6 23. Ng4 f6 24. Qg6 Qf4 25. Ne3 Bd6 26. g3 Qg5 27. Qxg5 fxg5 28.
a4 Rf7 29. a5 Rbf8 30. axb6 axb6 31. Ra2 Bc8 32. Rb1 Bf5 33. Rxb6 Bc7 34. Rxh6+
Kg8 35. Rc6 Bb1 36. Rb2 Bd8 37. Rxb1 1-0

[Event "European Blitz 2017"]
[Site "Katowice POL"]
[Date "2017.12.15"]
[Round "10.90"]
[White "Sahidi, Samir"]
[Black "Kucharska, Honorata"]
[Result "1-0"]
[WhiteTitle "FM"]
[BlackTitle "WFM"]
[WhiteElo "2247"]
[BlackElo "1970"]
[WhiteFideId "14936372"]
[BlackFideId "1163868"]
[EventDate "2017.12.15"]
[EventType "blitz"]

1. e4 e6 2. Nf3 d5 3. e5 c5 4. c3 Nc6 5. Be2 Bd7 6. O-O Nge7 7. d3 Ng6 8. d4 Be7
9. Be3 O-O 10. Nbd2 Rc8 11. Qb3 b6 12. a3 Na5 13. Qa2 cxd4 14. cxd4 b5 15. b3
Nh4 16. Qb2 Nf5 17. Rfc1 Qb6 18. Bd3 Nxe3 19. fxe3 f6 20. Rxc8 Bxc8 21. exf6
Bxf6 22. Rf1 Nc6 23. Qc2 Bd7 24. Bxh7+ Kh8 25. Bg6 e5 26. dxe5 Qxe3+ 27. Kh1
Nxe5 28. Nxe5 Qxe5 29. Nf3 Qd6 30. Qd3 Be8 31. Bxe8 Rxe8 32. Qxb5 Rd8 33. a4 d4
34. Qd3 Rc8 35. Nd2 Rc3 36. Qg6 Qa6 37. Qe8+ Kh7 38. Qe4+ Kg8 39. Re1 Rc6 40.
Qe8+ Kh7 41. Qh5+ Kg8 42. Re8# 1-0

[Event "European Blitz 2017"]
[Site "Katowice POL"]
[Date "2017.12.15"]
[Round "10.91"]
[White "Lach, Aleksandra"]
[Black "Chyzy, Jakub"]
[Result "1/2-1/2"]
[WhiteTitle "WIM"]
[WhiteElo "2209"]
[BlackElo "2112"]
[WhiteFideId "1134299"]
[BlackFideId "21806209"]
[EventDate "2017.12.15"]
[EventType "blitz"]

1. e4 e5 2. Nf3 Nc6 3. Bc4 Nf6 4. d3 Bc5 5. O-O O-O 6. Bg5 d6 7. c3 Be6 8. Nbd2
a6 9. b4 Ba7 10. Qb3 Bxc4 11. Nxc4 h6 12. Bh4 g5 13. Bg3 Nh5 14. Ne3 Bxe3 15.
fxe3 Nxg3 16. hxg3 Kg7 17. Nh2 Qd7 18. g4 f6 19. Rf2 Rh8 20. Raf1 Raf8 21. Qd1
Qf7 22. g3 Qe8 23. Kg2 Ne7 24. Qf3 Rf7 25. Rh1 Rhf8 26. Nf1 Ng8 27. Rh5 Qd7 28.
Qf5 Qxf5 29. exf5 Rd7 30. Nd2 d5 31. Nb3 b6 32. Rh1 Rfd8 33. Rc1 Rc8 34. d4 e4
35. c4 c6 36. c5 b5 37. Na5 Rdc7 38. Rc3 Ra8 39. a4 Kf7 40. Ra2 Ke7 41. Nb3 Rcc8
42. Rc1 Kd7 43. Rca1 Rab8 44. Nc1 Kc7 45. Ne2 Kd7 46. Nc3 Kc7 47. axb5 axb5 48.
Ra6 Rb7 49. Kf2 Rcb8 50. Nb1 Kd7 51. Rb6 1/2-1/2

[Event "European Blitz 2017"]
[Site "Katowice POL"]
[Date "2017.12.15"]
[Round "10.92"]
[White "Goessler, Markus"]
[Black "Mikhalchishin, Adrian"]
[Result "0-1"]
[BlackTitle "GM"]
[WhiteElo "2209"]
[BlackElo "2479"]
[WhiteFideId "1633260"]
[BlackFideId "14602385"]
[EventDate "2017.12.15"]
[EventType "blitz"]

1. e4 e5 2. Nf3 Nc6 3. Bb5 a6 4. Ba4 Nge7 5. c3 g6 6. d4 exd4 7. cxd4 b5 8. Bc2
d5 9. exd5 Nxd5 10. O-O Be6 11. Ng5 Bg7 12. Nxe6 fxe6 13. Nc3 Nxd4 14. Be4 O-O
15. Be3 c5 16. Qg4 Qd6 17. Rad1 b4 18. Ne2 Nf6 19. Qf3 Nxf3+ 0-1

[Event "European Blitz 2017"]
[Site "Katowice POL"]
[Date "2017.12.15"]
[Round "10.93"]
[White "Feuerstack, Aljoscha"]
[Black "Tymrakiewicz, Rafal"]
[Result "1-0"]
[WhiteTitle "IM"]
[BlackTitle "FM"]
[WhiteElo "2438"]
[BlackElo "2272"]
[WhiteFideId "4681932"]
[BlackFideId "1108832"]
[EventDate "2017.12.15"]
[EventType "blitz"]

1. e4 c6 2. c4 e5 3. Nf3 d6 4. d4 Nd7 5. Nc3 Ngf6 6. Bd3 g6 7. O-O Bg7 8. Re1
O-O 9. h3 Nh5 10. Bg5 Qb6 11. dxe5 dxe5 12. Qc2 Re8 13. Rad1 Nc5 14. Be3 Qa5 15.
Bf1 Ne6 16. a3 Nhf4 17. g3 Nh5 18. c5 Qc7 19. b4 Bd7 20. Rd2 Rad8 21. Red1 Bc8
22. Bc4 Rxd2 23. Rxd2 Nd4 24. Nxd4 exd4 25. Bxd4 Bxd4 26. Rxd4 Nxg3 27. fxg3
Qxg3+ 28. Qg2 Qe1+ 29. Qf1 Qg3+ 30. Kh1 Be6 31. Bxe6 fxe6 32. Ne2 Qe3 33. Qg2
Rf8 34. Rd7 Rf2 35. Qg3 Qxe4+ 36. Kg1 Qxe2 37. Rd8+ Kg7 38. Rd7+ Kh6 39. Qh4+
Qh5 40. Qxh5+ Kxh5 41. Rxh7+ Kg5 42. Kxf2 1-0

[Event "European Blitz 2017"]
[Site "Katowice POL"]
[Date "2017.12.15"]
[Round "10.95"]
[White "Polzin, Rainer"]
[Black "Wilk, Krzysztof"]
[Result "0-1"]
[WhiteTitle "GM"]
[WhiteElo "2404"]
[BlackElo "2125"]
[WhiteFideId "4610741"]
[BlackFideId "1116193"]
[EventDate "2017.12.15"]
[EventType "swiss"]

1. e4 c6 2. d4 d5 3. e5 Bf5 4. h4 h5 5. Bd3 Bxd3 6. Qxd3 e6 7. Bg5 Be7 8. Nf3
Qa5+ 9. Nbd2 Qa6 10. c4 Nd7 11. O-O Bxg5 12. hxg5 Ne7 13. Nh4 g6 14. b3 O-O 15.
Rfe1 Rad8 16. Qf3 dxc4 17. Nxc4 Nb6 18. Nd6 Nbc8 19. Nxc8 Rxc8 20. Qe4 Rfd8 21.
Red1 Rd5 22. a4 Rcd8 23. Rac1 Qb6 24. Qc2 Rxd4 25. Rxd4 Qxd4 26. Nf3 Qd3 27. Qc5
Nf5 28. b4 a6 29. Qb6 Rd7 30. Qc5 Nd4 31. Nxd4 Qxd4 32. g3 Qxc5 33. bxc5 Rd5 34.
f4 Rd4 35. Rb1 Rxa4 36. Rxb7 Rc4 37. Rb6 Rxc5 38. Rxa6 Rc3 39. Kg2 Kf8 40. Ra8+
Ke7 41. Ra7+ Ke8 42. Ra8+ Kd7 43. Ra7+ Kd8 44. Rxf7 c5 45. Rf6 Kd7 46. Rxg6 c4
47. Kf2 Rd3 48. Ke2 Rd4 49. Rg7+ Kd8 50. Ra7 h4 51. gxh4 Rxf4 52. g6 Rg4 53. h5
Rg5 54. h6 Rxg6 55. h7 Rh6 56. h8=Q+ 0-1

[Event "European Blitz 2017"]
[Site "Katowice POL"]
[Date "2017.12.15"]
[Round "10.96"]
[White "Brodowski, Piotr"]
[Black "Kolasinski, Krzysztof"]
[Result "1-0"]
[WhiteTitle "IM"]
[WhiteElo "2430"]
[BlackElo "2045"]
[WhiteFideId "1124480"]
[BlackFideId "1122240"]
[EventDate "2017.12.15"]
[EventType "blitz"]

1. e4 c5 2. Nf3 d6 3. d4 cxd4 4. Nxd4 Nf6 5. Nc3 g6 6. Nde2 Bg7 7. g3 Nc6 8. Bg2
a6 9. O-O Bd7 10. a4 Rc8 11. h3 h5 12. Bg5 Qa5 13. h4 Bg4 14. Qd2 Ne5 15. f3 Nc4
16. Qc1 Be6 17. Kh2 Qb6 18. b3 Ne5 19. Qd2 O-O 20. Rac1 Rfd8 21. Nd5 Bxd5 22.
exd5 Qc7 23. c4 Qb6 24. Rb1 a5 25. Be3 Qa6 26. Nd4 Ned7 27. Nb5 Nc5 28. Rfe1 Re8
29. Bd4 Nfd7 30. Bh3 Bxd4 31. Qxd4 Ne5 32. Re3 Rcd8 33. Rbe1 Qb6 34. f4 Ned7 35.
Rxe7 Rxe7 36. Rxe7 Nxb3 37. Qb2 Nbc5 38. f5 Ne5 39. Qf2 Rf8 40. f6 Ncd7 41. Qxb6
Nxb6 42. Nxd6 Nexc4 43. Nxf7 Nxd5 44. Be6 Nxe7 45. fxe7 Re8 46. Nd6+ Kg7 47.
Nxe8+ 1-0

[Event "European Blitz 2017"]
[Site "Katowice POL"]
[Date "2017.12.15"]
[Round "10.97"]
[White "Smolka, Marcin"]
[Black "Maier, Christian"]
[Result "0-1"]
[BlackTitle "IM"]
[WhiteElo "2178"]
[BlackElo "2393"]
[WhiteFideId "1139681"]
[BlackFideId "4601955"]
[EventDate "2017.12.15"]
[EventType "blitz"]

1. e4 e6 2. Nf3 d5 3. e5 a6 4. d4 c5 5. c3 Nh6 6. Bd3 Nf5 7. O-O Nc6 8. Kh1 h5
9. Be3 cxd4 10. cxd4 Be7 11. Nc3 g6 12. Rc1 Bd7 13. a3 Na5 14. b4 Nc6 15. Na4 a5
16. b5 Na7 17. Qb3 b6 18. Rc2 Rc8 19. Rfc1 Kf8 20. Rxc8 Nxc8 21. Nc3 Kg7 22. Ne2
Qe8 23. Bd2 h4 24. Ng5 Rh5 25. Nh3 Qf8 26. Kg1 Bxa3 27. Rc7 Qd8 28. Rxc8 Qxc8
29. Qxa3 Qc7 30. Bg5 Kg8 31. Nef4 Rxg5 32. Nxg5 Nxd4 33. h3 Qxe5 34. Qe7 Qxf4 0-1

[Event "European Blitz 2017"]
[Site "Katowice POL"]
[Date "2017.12.15"]
[Round "10.98"]
[White "Jahncke, Giso"]
[Black "Koziol, Kamil"]
[Result "1-0"]
[WhiteTitle "FM"]
[BlackTitle "FM"]
[WhiteElo "2403"]
[BlackElo "2305"]
[WhiteFideId "24608289"]
[BlackFideId "1161555"]
[EventDate "2017.12.15"]
[EventType "blitz"]

1. Nf3 Nf6 2. c4 e6 3. g3 d5 4. Bg2 dxc4 5. Na3 Be7 6. Nxc4 O-O 7. O-O c5 8. b3
Bd7 9. Nfe5 Nc6 10. Nxd7 Qxd7 11. Bb2 Rfd8 12. d3 Rac8 13. Rc1 b6 14. Ne5 Nxe5
15. Bxe5 Nd5 16. Qc2 Bf6 17. Qb2 Bxe5 18. Qxe5 Ne7 19. Rfd1 Nf5 20. e3 h6 21. a3
Qd6 22. Qb2 Rc7 23. b4 cxb4 24. Rxc7 Qxc7 25. axb4 a5 26. d4 Nd6 27. Rc1 Qa7 28.
b5 Rc8 29. Bc6 Nf5 30. e4 Ne7 31. d5 exd5 32. exd5 Rd8 33. Qe5 a4 34. d6 Ng6 35.
Qd5 Qb8 36. d7 Qa7 37. Re1 a3 38. Re8+ Kh7 39. Qxf7 Ne7 40. Be4+ 1-0

[Event "European Blitz 2017"]
[Site "Katowice POL"]
[Date "2017.12.15"]
[Round "10.99"]
[White "Varvadoukas, Theodoros"]
[Black "Krause, Jonah"]
[Result "0-1"]
[BlackTitle "FM"]
[WhiteElo "2178"]
[BlackElo "2368"]
[WhiteFideId "4210735"]
[BlackFideId "12907910"]
[EventDate "2017.12.15"]
[EventType "blitz"]

1. e4 c5 2. Nf3 e6 3. d4 cxd4 4. Nxd4 Nc6 5. Nc3 Qc7 6. Be2 Nf6 7. O-O Be7 8.
Re1 O-O 9. Bg5 a6 10. a4 d6 11. Qd2 Nxd4 12. Qxd4 e5 13. Qd2 Be6 14. Rac1 Qc5
15. Bxf6 Bxf6 16. Nd5 Bxd5 17. Qxd5 Qxd5 18. exd5 Rac8 19. c4 a5 20. Bd3 Bd8 21.
Bf5 Rc5 22. b3 Bb6 23. g3 g6 24. Bd3 f5 25. Kg2 Rc7 26. Rcd1 Bc5 27. h4 Kg7 28.
f3 h6 29. Re2 Re7 30. Rde1 Kf6 31. Rh1 Rh7 32. h5 Rg7 33. hxg6 Rxg6 34. g4 e4
35. fxe4 Rxg4+ 36. Kf1 fxe4 37. Bxe4 Ke5+ 38. Ke1 Rxe4 39. Rxh6 Rxe2+ 40. Kxe2
Rf2+ 41. Kd3 Rf3+ 42. Kc2 Rf4 43. Rh2 b6 44. Re2+ Re4 45. Rd2 Kf4 46. Rh2 Kf3
47. Rh3+ Kg2 48. Rh6 Bb4 49. Rg6+ Kf2 50. Kd3 Re3+ 51. Kc2 Rc3+ 52. Kb2 Rf3 53.
Kc2 Ke2 54. Rg2+ Rf2 55. Rg6 Ke3+ 56. Kc1 Kd3 57. Rg3+ Kd4 58. Rh3 Re2 59. Kd1
Re3 0-1

[Event "European Blitz 2017"]
[Site "Katowice POL"]
[Date "2017.12.15"]
[Round "10.100"]
[White "Korolchuk, Nikolav"]
[Black "Dragnev, Valentin"]
[Result "0-1"]
[BlackTitle "IM"]
[WhiteElo "2226"]
[BlackElo "2458"]
[WhiteFideId "13500961"]
[BlackFideId "1634852"]
[EventDate "2017.12.15"]
[EventType "blitz"]

1. e4 e5 2. Nf3 Nc6 3. d4 exd4 4. Nxd4 Nf6 5. Nxc6 bxc6 6. Bd3 d5 7. O-O dxe4 8.
Qe1 Be7 9. Bxe4 O-O 10. Bxc6 Rb8 11. Nc3 Qd6 12. Bf3 Bf5 13. Ne4 Bxe4 14. Bxe4
Rfe8 15. Bd3 Ng4 16. g3 Bg5 17. Qd1 Bxc1 18. Qxg4 Bxb2 19. Rad1 Qf6 20. Rfe1 c5
21. Bc4 Bd4 22. Qf4 Qxf4 23. gxf4 Kf8 24. Kg2 Rxe1 25. Rxe1 Rb2 26. Bb3 c4 27.
Bxc4 Rxc2 28. Re2 Rxc4 0-1

[Event "European Blitz 2017"]
[Site "Katowice POL"]
[Date "2017.12.15"]
[Round "11.2"]
[White "Alekseev, Evgeny"]
[Black "Fressinet, Laurent"]
[Result "0-1"]
[WhiteTitle "GM"]
[BlackTitle "GM"]
[WhiteElo "2616"]
[BlackElo "2662"]
[WhiteFideId "4138147"]
[BlackFideId "608742"]
[EventDate "2017.12.15"]
[EventType "blitz"]

1. Nf3 d5 2. e3 Nf6 3. c4 c6 4. Nc3 a6 5. Be2 dxc4 6. Bxc4 b5 7. Be2 e6 8. O-O
Bb7 9. b3 Nbd7 10. Bb2 Be7 11. d3 O-O 12. Rc1 c5 13. a4 Qb6 14. Qc2 Rac8 15. Qb1
Rfd8 16. Rfd1 b4 17. Ne4 Nxe4 18. dxe4 Nf6 19. Nd2 Qc7 20. e5 Nd5 21. Nc4 Nb6
22. e4 Nxc4 23. Bxc4 Bg5 24. Rxd8+ Rxd8 25. Re1 Bd2 26. Rd1 Bc3 27. Bxc3 bxc3
28. f3 Rd4 29. Rd3 Qxe5 30. Qc2 Rxd3 31. Qxd3 Qd4+ 32. Kf1 a5 33. Ke2 e5 34. Kd1
Qg1+ 35. Qf1 Qd4+ 36. Qd3 Qg1+ 37. Qf1 Qxh2 38. Kc2 Qf4 39. Kxc3 Qe3+ 40. Kc2 g6
41. Qd1 Qd4 42. Qe1 Kg7 43. Qxa5 Qg1 44. Qd2 Bc6 45. Kb2 h5 46. a5 h4 47. a6 Qh2
48. Ka3 h3 49. Bf1 Qg1 50. Qd6 0-1